Medzinárodný štandard ľudských práv a jeho aplikácia v Čínskej ľudovej republike diplomová práca

Guardado en:
Detalles Bibliográficos
Autor principal: Baranová, Zuzana
Autor Corporativo: Fakulta medzinárodných vzťahov EU. Katedra medzinárodných politických vzťahov
Otros Autores: Koganová, Viera
Formato: Libro
Lenguaje:eslovaco
Publicado: Bratislava 2008
Etiquetas: Agregar Etiqueta
Sin Etiquetas, Sea el primero en etiquetar este registro!

MARC

LEADER 00000nam$a2200000$$$4500
001 0075889
005 20240201115556.7
041 0 |a slo 
044 |a SK 
245 1 0 |a Medzinárodný štandard ľudských práv a jeho aplikácia v Čínskej ľudovej republike  |b diplomová práca  |c Zuzana Baranová ; škol. Viera Koganová 
264 1 |a Bratislava  |c 2008 
300 |a 62 s. 
100 1 |a Baranová, Zuzana 
700 1 |a Koganová, Viera 
710 2 |a Fakulta medzinárodných vzťahov EU. Katedra medzinárodných politických vzťahov